000 00220nam a2200085Ia 4500
245 0 _aClothing
100 _a WALKER, Kate South Yarra, Vic., 2009
_983037
942 _cBK
008 210818s9999 xx 000 0 und d
999 _c446032
_d446031